| 000 | 00973nam a22003131c 4500 | ||
|---|---|---|---|
| 001 | a987681601 | ||
| 008 | 090528s2008 gw |||| 000u ger d | ||
| 020 |
_a9783406562 _9978-3-406-562 |
||
| 041 | _ager | ||
| 100 | 1 | _aConrad, Sebastian | |
| 245 | 0 | 0 |
_aDeutsche Kolonialgeschichte / _cSebastian Conrad |
| 250 | _aOrig.-Ausg. | ||
| 264 |
_aMünchen : _bBeck, _c2008 |
||
| 300 | _a128 S. | ||
| 336 |
_aText _btxt _2rdacontent |
||
| 337 |
_aComputermedien _bc _2rdamedia |
||
| 338 |
_aOnline-Ressource _bcr _2rdacarrier |
||
| 500 | _aE-Book-Ciando /Zugriff im DHI-Lesesaal, externer Zugriff für registrierte Nutzer | ||
| 650 | 0 | _aKolonialismus | |
| 650 | 0 | _aImperialismus | |
| 655 | 0 | _aFernzugriff (E-Book) | |
| 655 | 0 | _aelektronnaja biblioteka | |
| 655 | 0 | _aFernzugriff | |
| 856 | 4 | _uhttp://dgia.ciando.com/book/index.cfm/bok_ID/21592 | |
| 942 | _cEB | ||
| 040 | _cRU-10907106 | ||
| 003 | RU-10907106 | ||
| 999 |
_c33185 _d33185 |
||
| 490 | 0 |
_aBeck'sche Reihe _v2448 : C.-H.-Beck.-Wissen |
|